Makko - Relativ erwachsen - Statistiken

Allgemein
  • Dieses Quiz wurde 11 mal gespielt
  • Das Durchschnittsergebnis liegt bei 148 aus 336
Antwortstatistiken
Antwort % Korrekt
da
86%
erwachsen
86%
Ich
86%
ich
86%
relativ
86%
das
71%
Das
71%
der
71%
du
71%
Du
71%
es
71%
Ja
71%
ja
71%
nicht
71%
an
57%
Babe
57%
Baby
57%
bin
57%
bist
57%
die
57%
dir
57%
haben
57%
mich
57%
mit
57%
weisst
57%
Weisst
57%
wir
57%
zu
57%
all
43%
beigebracht
43%
dass
43%
dem
43%
dich
43%
ein
43%
ersten
43%
gebracht
43%
geklappt
43%
gesagt
43%
hat
43%
in
43%
keine
43%
keiner
43%
komm
43%
meine
43%
na
43%
Nacht
43%
nichts
43%
niemand
43%
Sachen
43%
sachen
43%
schaffst
43%
schafft
43%
schau
43%
schon
43%
schwachsinn
43%
Schwachsinn
43%
sehr
43%
so
43%
sonst
43%
und
43%
Und
43%
uns
43%
up
43%
Ups
43%
Wahnsinn
43%
weiss
43%
weit
43%
wie
43%
danke
29%
dein
29%
Deine
29%
den
29%
done
29%
für
29%
hoff
29%
immer
29%
is
29%
kann
29%
klar
29%
Magnet
29%
Mh
29%
oh
29%
pull
29%
sag
29%
stark
29%
von
29%
ziehst
29%
abgefuckt
14%
anderen
14%
auch
14%
Bescheid
14%
Bild
14%
Bitte
14%
bitte
14%
clean
14%
doch
14%
Ex
14%
gab
14%
geben
14%
geht
14%
Girl
14%
glaub
14%
hast
14%
hoch
14%
mal
14%
mei'm
14%
meiner
14%
Nachrichten
14%
ner
14%
Nummer
14%
Panties
14%
sagst
14%
sagt
14%
schnelle
14%
sicher
14%
sorry
14%
Standart
14%
steh
14%
steh'n
14%
übernachtet
14%
verwählt
14%
viel
14%
vorbei
14%
vorher
14%
was
14%
Wein
14%
Whiteboard
14%
wo
14%
Wohnung
14%
Zigaretten
14%
Zwischen
14%
andern
0%
dachte
0%
echt
0%
jetzt
0%
war
0%
war'n
0%
Keine übereinstimmenden Quizze gefunden
Verteilung der Resultate
Anzahl Personen mit jedem Resultat
Perzentil nach korrekt beantworteten Fragen
Ihre Resultats-Entwicklung
Sie haben dieses Quiz noch nicht gespielt